Formar adultos / (Record no. 116433)

MARC details
000 -LEADER
campo de control de longitud fija 00505nam a2200181 4500
001 - NÚMERO DE CONTROL
campo de control 116433
003 - IDENTIFICADOR DE NÚMERO DE CONTROL
campo de control ES-MaACL
005 - FECHA Y HORA DE LA ÚLTIMA TRANSACCIÓN
campo de control 20230906190715.0
007 - CAMPO FIJO DE DESCRIPCIÓN FÍSICA--INFORMACIÓN GENERAL
campo de control de longitud fija t|
008 - DATOS DE LONGITUD FIJA--INFORMACIÓN GENERAL
campo de control de longitud fija 061121s1968 sp r ||||1| spa d
100 1# - ENTRADA PRINCIPAL--NOMBRE DE PERSONA
Nombre de persona Osterrieth, Paul A.
9 (RLIN) 87817
245 10 - MENCIÓN DEL TÍTULO
Título Formar adultos /
Mención de responsabilidad, etc. Paul A. Osterrieth ; traducción de Rosa Arnet.
250 ## - MENCION DE EDICION
Mención de edición 1ª. ed.
260 ## - PUBLICACIÓN, DISTRIBUCIÓN, ETC.
Lugar de publicación, distribución, etc. Barcelona :
Nombre del editor, distribuidor, etc. Estela,
Fecha de publicación, distribución, etc. 1968.
300 ## - DESCRIPCIÓN FÍSICA
Extensión 142 p. ;
Dimensiones 19 cm.
700 1# - ENTRADA AGREGADA--NOMBRE PERSONAL
Nombre de persona Arnet, Rosa.
9 (RLIN) 23090
852 ## - LOCALIZACIÓN
Ubicación ES-MaACL
Número de control de estantería C-51227
Sublocalización o colección R.66607
Holdings
Estatus retirado Estado de pérdida Estado de daño No para préstamo Biblioteca de origen Biblioteca actual Ubicación en estantería Fecha de adquisición Fuente de adquisición Total de préstamos Signatura topográfica completa Código de barras Visto por última vez Precio de reemplazo Tipo de ítem Koha
        Biblioteca del Ateneo de Madrid Biblioteca del Ateneo de Madrid Depósito 2 17/01/2008     C-51227 1121415 23/02/2023 23/02/2023 Libro impreso